|
|
|
|
| LEADER |
03951nam a2200685 i 4500 |
| 001 |
45239 |
| 003 |
BD-DhAAL |
| 005 |
20251230171030.0 |
| 008 |
251230t20242024nyu 000 1 eng c |
| 010 |
|
|
|a 2023018767
|
| 020 |
|
|
|a 9780063359710
|
| 020 |
|
|
|a 9780063398108
|
| 020 |
|
|
|a 0063359715
|
| 020 |
|
|
|a 9780063304840
|
| 020 |
|
|
|a 0063304848
|
| 020 |
|
|
|z 9780063304857
|
| 020 |
|
|
|a 9780063382190
|
| 020 |
|
|
|a 0063382199
|
| 035 |
|
|
|a 23088799
|
| 035 |
|
|
|a (OCoLC)1379221530
|
| 040 |
|
|
|a DLC
|b eng
|e rda
|c DLC
|d BDX
|d YDX
|d OCLCF
|d OCLCO
|d TP7
|d JCX
|d OCLCO
|d ZHI
|d OCO
|d PNX
|d OQX
|d CNCAR
|d YDX
|d TXSPI
|d MBT
|d AU@
|d NZLPP
|d DLC
|d BD-DhAAL
|
| 042 |
|
|
|a pcc
|
| 043 |
|
|
|a e-uk-en
|
| 050 |
0 |
0 |
|a PR6106.E385
|b L66 2024
|
| 082 |
0 |
0 |
|a 823.92
|2 23
|
| 100 |
1 |
|
|a Fein, Louise,
|e author.
|9 60036
|
| 245 |
1 |
4 |
|a The London bookshop affair :
|b a novel of the Cold War /
|c Louise Fein.
|
| 264 |
|
1 |
|a New York, NY :
|b William Morrow, an imprint of HarperCollins Publishers,
|c ©2024.
|
| 300 |
|
|
|a 400 pages ;
|c 24 cm
|
| 500 |
|
|
|a "Bestselling author of Daughter of the Reich"--Dust jacket.
|
| 504 |
|
|
|a Includes bibliographical references.
|
| 520 |
|
|
|a "London, 1962: The world is teetering on the brink of nuclear war but life must go on. Celia Duchesne longs for a career, but with no means or qualifications, passes her time working at a dusty bookshop. The day a handsome American enters the shop, she thinks she might have found her way out of the monotony. Just as the excitement of a budding relationship engulfs her, a devastating secret draws her into the murky world of espionage. France, 1942: Nineteen-year-old Anya Moreau was dropped behind enemy lines to aid the resistance, sending messages back home to London via wireless transmitter. When she was cruelly betrayed, evidence of her legacy and the truth of her actions were buried by wartime injustices. As Celia learns more about Anya, and her unexpected connection to the undercover agent, she becomes increasingly aware of furious efforts, both past and present, to protect state secrets. With her newly formed romance taking a surprising turn and the world on the verge of nuclear annihilation, Celia must risk everything she holds dear, in the name of justice."--
|
| 541 |
|
|
|a Donated by Farhana Zahir, Assistant Professor, BRAC Business School, BRAC University
|e 45239
|
| 650 |
|
0 |
|a Cold War
|v Fiction.
|9 7249
|
| 650 |
|
0 |
|a Bookstores
|v Fiction.
|9 60037
|
| 650 |
|
0 |
|a Cuban Missile Crisis, 1962
|v Fiction.
|9 60038
|
| 650 |
|
0 |
|a Women spies
|v Fiction.
|9 60039
|
| 650 |
|
0 |
|a Courage
|v Fiction.
|9 60040
|
| 650 |
|
0 |
|a Man-woman relationships
|v Fiction.
|
| 650 |
|
0 |
|a Deception
|v Fiction.
|9 60041
|
| 650 |
|
0 |
|a Official secrets
|v Fiction.
|9 60042
|
| 650 |
|
1 |
|a Bookstores
|x Fiction.
|9 60043
|
| 650 |
|
6 |
|a Guerre froide
|v Romans, nouvelles, etc.
|9 60044
|
| 650 |
|
6 |
|a Librairies
|v Romans, nouvelles, etc.
|9 60045
|
| 650 |
|
6 |
|a Crise de Cuba, oct. 1962
|v Romans, nouvelles, etc.
|9 60046
|
| 650 |
|
6 |
|a Espionnes
|v Romans, nouvelles, etc.
|9 60047
|
| 650 |
|
6 |
|a Courage
|v Romans, nouvelles, etc.
|9 60048
|
| 650 |
|
6 |
|a Relations entre hommes et femmes
|v Romans, nouvelles, etc.
|9 60049
|
| 650 |
|
6 |
|a Tromperie
|v Romans, nouvelles, etc.
|9 60050
|
| 650 |
|
6 |
|a Secrets d'État
|v Romans, nouvelles, etc.
|9 60051
|
| 651 |
|
0 |
|a London (England)
|v Fiction.
|
| 651 |
|
1 |
|a London (England)
|v Fiction.
|
| 655 |
|
7 |
|a Spy fiction.
|9 60052
|
| 655 |
|
7 |
|a Historical fiction.
|
| 655 |
|
7 |
|a Novels.
|
| 655 |
|
7 |
|a Romans.
|9 58679
|
| 852 |
1 |
|
|a Ayesha Abed Library
|
| 942 |
|
|
|2 ddc
|c BK
|
| 999 |
|
|
|c 47695
|d 47695
|
| 952 |
|
|
|0 0
|1 0
|2 ddc
|4 0
|6 823_920000000000000_FEI
|7 0
|9 78657
|a BRACUL
|b BRACUL
|c NEW
|d 2025-12-30
|e Donated by Farhana Zahir, Assistant Professor, BRAC Business School, BRAC University
|l 3
|m 12
|o 823.92 FEI
|p 3010045239
|q 2026-06-02
|r 2026-03-04
|s 2026-03-04
|t 1
|w 2025-12-30
|y BK
|x Donated copy received from Farhana Zahir, Assistant Professor, BRAC Business School, BRAC University on 19 November 2025;USD8.99
|